Efecto de la degradación mecánica y térmica del poliestireno, cuando es reprocesado, sobre la calidad del producto final

Gespeichert in:
Bibliographische Detailangaben
1. Verfasser: Flores Pujol, Alberto, 1985-
Weitere Verfasser: Flores Zamora, Álvaro, 1945- Director del TFG
Format: Buch
Sprache:Spanish
Veröffentlicht: San José, Costa Rica 2010
Schlagworte:
Tags: Tag hinzufügen
Keine Tags, Fügen Sie den ersten Tag hinzu!

MARC

LEADER 00000nam a2200000Ia 4500
003 010545
005 20231214152805.0
008 140114s2010 cr a 000 ||spa d
040 |c cru CEDI 
090 |a TFG 6384 
100 |a Flores Pujol, Alberto, 1985-  |9 2053 
245 |a  Efecto de la degradación mecánica y térmica del poliestireno, cuando es reprocesado, sobre la calidad del producto final  
260 |a San José, Costa Rica  |c 2010 
500 |a Proyecto de graduación (licenciatura en ingeniería química)--Universidad de Costa Rica. Facultad de Ingeniería. Escuela de Ingeniería Química 
501 |a Director de Proyecto de Graduación: Ing. Álvaro Flores Zamora 
648 |x POLIESTIRENO   |x PROPIEDADES MECANICAS  |x PROPIEDADES TERMICAS   |x ANALISIS   |x POLIMEROS   |x ANALISIS TERMICO DIFERENCIAL  |9 2500 
650 |z PLASTICOS  |9 2501 
700 |a  Flores Zamora, Álvaro, 1945-  |d Director del TFG   |9 1451 
942 |c TFG  |h TFG 6384  |i 010545  |6 TFG_6384_010545000000000 
999 |c 15807  |d 15807